Managing selected transportation assets : (Record no. 529966)

000 -LEADER
fixed length control field 02640cam a22005294a 4500
001 - CONTROL NUMBER
control field 14840632
003 - CONTROL NUMBER IDENTIFIER
control field NUST
005 - DATE AND TIME OF LATEST TRANSACTION
control field 20191008111848.0
008 - FIXED-LENGTH DATA ELEMENTS--GENERAL INFORMATION
fixed length control field 070507s2007 dcuak b 000 0 eng c
010 ## - LIBRARY OF CONGRESS CONTROL NUMBER
LC control number 2007928377
020 ## - INTERNATIONAL STANDARD BOOK NUMBER
International Standard Book Number 9780309097895 (pbk.)
020 ## - INTERNATIONAL STANDARD BOOK NUMBER
International Standard Book Number 0309097894 (pbk.)
035 ## - SYSTEM CONTROL NUMBER
System control number (OCoLC)ocn190763420
038 ## - RECORD CONTENT LICENSOR
Staff Name MSOHAIL
040 ## - CATALOGING SOURCE
Original cataloging agency TRL
Transcribing agency TRL
Modifying agency CBT
-- IQU
-- DLC
042 ## - AUTHENTICATION CODE
Authentication code pcc
050 00 - LIBRARY OF CONGRESS CALL NUMBER
Classification number TE220
Item number .M365 2007
082 00 - DEWEY DECIMAL CLASSIFICATION NUMBER
Classification number 388.31068
Edition number 22
100 1# - MAIN ENTRY--PERSONAL NAME
Personal name Markow, Michael J.
9 (RLIN) 22122
245 10 - TITLE STATEMENT
Title Managing selected transportation assets :
Remainder of title signals, lighting, signs, pavement markings, culverts, and sidewalks /
Statement of responsibility, etc. consultant, Michael J. Markow.
260 ## - PUBLICATION, DISTRIBUTION, ETC.
Place of publication, distribution, etc. Washington, D.C. :
Name of publisher, distributor, etc. Transportation Research Board,
Date of publication, distribution, etc. 2007.
300 ## - PHYSICAL DESCRIPTION
Extent 190 p. :
Other physical details ill., form ;
Dimensions 28 cm.
490 1# - SERIES STATEMENT
Series statement NCHRP synthesis,
International Standard Serial Number 0547-5570 ;
Volume/sequential designation 371
500 ## - GENERAL NOTE
General note "A synthesis of highway practice."
500 ## - GENERAL NOTE
General note At head of title: National Cooperative Highway Research Program.
500 ## - GENERAL NOTE
General note "Research sponsored by the American Association of State Highway and Transportation Officials in Cooperation with the Federal Highway Administration."
504 ## - BIBLIOGRAPHY, ETC. NOTE
Bibliography, etc. note Includes bibliographical references (p.136-143).
530 ## - ADDITIONAL PHYSICAL FORM AVAILABLE NOTE
Additional physical form available note Also available online from the Web site of the Transportation Research Board (http://trb.org).
650 #0 - SUBJECT ADDED ENTRY--TOPICAL TERM
Topical term or geographic name entry element Roads
General subdivision Maintenance and repair
-- Management.
9 (RLIN) 21272
650 #0 - SUBJECT ADDED ENTRY--TOPICAL TERM
Topical term or geographic name entry element Traffic signs and signals
General subdivision Maintenance and repair
-- Management.
9 (RLIN) 21612
650 #0 - SUBJECT ADDED ENTRY--TOPICAL TERM
Topical term or geographic name entry element Culverts
General subdivision Maintenance and repair
-- Management.
9 (RLIN) 23080
650 #0 - SUBJECT ADDED ENTRY--TOPICAL TERM
Topical term or geographic name entry element Sidewalks
General subdivision Maintenance and repair
-- Management.
9 (RLIN) 23081
650 #0 - SUBJECT ADDED ENTRY--TOPICAL TERM
Topical term or geographic name entry element Traffic engineering
General subdivision Management.
9 (RLIN) 23082
650 #0 - SUBJECT ADDED ENTRY--TOPICAL TERM
Topical term or geographic name entry element Highway engineering
General subdivision Management.
9 (RLIN) 21149
650 #7 - SUBJECT ADDED ENTRY--TOPICAL TERM
Topical term or geographic name entry element Traffic control devices.
Source of heading or term trt
9 (RLIN) 23083
650 #7 - SUBJECT ADDED ENTRY--TOPICAL TERM
Topical term or geographic name entry element Transportation engineering.
Source of heading or term trt
9 (RLIN) 854
710 2# - ADDED ENTRY--CORPORATE NAME
Corporate name or jurisdiction name as entry element National Research Council (U.S.).
Subordinate unit Transportation Research Board.
9 (RLIN) 23084
710 2# - ADDED ENTRY--CORPORATE NAME
Corporate name or jurisdiction name as entry element National Cooperative Highway Research Program.
9 (RLIN) 20864
710 2# - ADDED ENTRY--CORPORATE NAME
Corporate name or jurisdiction name as entry element American Association of State Highway and Transportation Officials.
9 (RLIN) 19553
710 1# - ADDED ENTRY--CORPORATE NAME
Corporate name or jurisdiction name as entry element United States.
Subordinate unit Federal Highway Administration.
9 (RLIN) 20149
830 #0 - SERIES ADDED ENTRY--UNIFORM TITLE
Uniform title Synthesis of highway practice ;
Volume/sequential designation 371.
9 (RLIN) 23085
856 41 - ELECTRONIC LOCATION AND ACCESS
Uniform Resource Identifier <a href="http://onlinepubs.trb.org/onlinepubs/nchrp/nchrp_syn_371.pdf">http://onlinepubs.trb.org/onlinepubs/nchrp/nchrp_syn_371.pdf</a>
Public note Full-text Adobe Acrobat (PDF) file.
856 ## - ELECTRONIC LOCATION AND ACCESS
Uniform Resource Identifier <a href="http://digitalarchive.oclc.org/request?id%3Doclcnum%3A190763420">http://digitalarchive.oclc.org/request?id%3Doclcnum%3A190763420</a>
Materials specified OCLC Digital Archive
906 ## - LOCAL DATA ELEMENT F, LDF (RLIN)
a 7
b cbc
c pccadap
d 2
e epcn
f 20
g y-gencatlg
942 ## - ADDED ENTRY ELEMENTS (KOHA)
Source of classification or shelving scheme
Koha item type Book
Holdings
Withdrawn status Lost status Source of classification or shelving scheme Damaged status Not for loan Permanent Location Current Location Date acquired Total Checkouts Full call number Barcode Date last seen Price effective from Koha item type
          School of Civil and Environmental Engineering (SCEE) School of Civil and Environmental Engineering (SCEE) 10/08/2019   388.31068 NIT-11179 10/08/2019 10/08/2019 Book
© 2023 Central Library, National University of Sciences and Technology. All Rights Reserved.